Cartoon Characters #2 - Statistics

General Stats
  • This quiz has been taken 28,147 times
  • The average score is 16 of 24
Answer Stats
Clue Character % Correct
The friendly ghost Casper
95%
Mickey's girlfriend Minnie Mouse
95%
Mickey Mouse's dog Pluto
93%
Spinach loving sailor Popeye
91%
Web-slinging superhero Spider-Man
88%
"D'oh!" Homer Simpson
82%
SpongeBob's best friend Patrick Star
81%
The warthog from Lion King Pumbaa
77%
Frequently-killed South Park resident Kenny
73%
Tawt he taw a puddy tat Tweety
73%
Heroine who wields a lasso of truth Wonder Woman
72%
Grinning cat from Alice in Wonderland Cheshire Cat
70%
Calvin's tiger friend Hobbes
64%
"Good Grief!" Charlie Brown
62%
Amorous skunk Pepé Le Pew
60%
Aladdin's monkey Abu
58%
Looney Tunes Martian Marvin the Martian
57%
Obese Cosby Kid Fat Albert
48%
I say, I say, I say, he's a giant rooster Foghorn Leghorn
47%
Stretchy green claymation guy Gumby
46%
Leader of the Decepticons Megatron
45%
Jafar's parrot Iago
39%
Commander and leader of the Powerpuff Girls Blossom
36%
The moose from Happy Tree Friends Lumpy
7%
No matching quizzes found
Score Distribution
Percent of People with Each Score
Percentile by Number Answered
Your Score History
You have not taken this quiz